Géographie de l'Amérique du Nord par lettre - I - Statistiques

Statistiques générales
  • Ce quiz a été pris 160 fois
  • Le résultat moyen est 10 sur 20
Statistiques - réponses
Indice Réponse % Correct
Colomb pensait y être arrivé en 1492 Indes
94%
L'état de Chicago Illinois
93%
Peuples autochtones de l'Arctique Inuit
93%
L'habitation traditionnelle de ces derniers Igloo
90%
Grande masse flottante notamment trouvée dans l'océan Arctique Iceberg
83%
État américain dans les Rocheuses Idaho
78%
État au sud du Minnesota Iowa
78%
Ville américaine célèbre pour ses courses automobiles Indianapolis
73%
Principale ethnie européenne de Boston Irlandaise
70%
Cette étroite bande de terre relie les deux Amériques {Isthme} de Panama
66%
Ancienne ville maya au Mexique Chitchén {Itzá}
50%
Bâtiment à Philadelphie où fut signée la Constitution des États-Unis {Independence}
Hall
33%
Confédération de peuples autochtones qui comprend les Mohawks Iroquois
32%
Regroupement de huit universités prestigieuses au nord-est des États-Unis Ivy League
27%
Plus petite province canadienne Île-du-Prince-Edouard
26%
Chaîne de montagnes au Minnesota nommée d'après un minerai qu'on y exploite {Iron} Range
23%
Équipe de la LNH nommée d'après son emplacement géographique: Long Island Islanders de New York
21%
Capitale du Nunavut Iqaluit
10%
Très grande étendue de glace qui recouvre 80% du Groenland Inlandsis
8%
Ville new-yorkaise où se situe l'université Cornwell Ithaca
2%
Aucun quiz correspondant
Distribution des résultats
% des personnes avec chaque résultat
Percentile par nombre de réponses
Votre historique - résultats
Vous n’avez pas pris ce quiz